000 01654nam a22001577a 4500
999 _c525057
_d525057
008 240208b ||||| |||| 00| 0 eng d
100 _aWard, Zachary
_949735
245 _aIntergenerational mobility in American history: Accounting for race and measurement error
260 _aThe American Economic Review
300 _a113(12). Dec, 2023: p.3213-3248
520 _aThe article examines the historical trends and measurement errors in relative mobility in the US, highlighting how accounting for race and measurement errors can alter our understanding of intergenerational persistence and equality of opportunity. A large body of evidence finds that relative mobility in the US has declined over the past 150 years. However, long-run mobility estimates are usually based on White samples and therefore do not account for the limited opportunities available for nonwhite families. Moreover, historical data measure the father's status with error, which biases estimates toward greater mobility. Using linked census data from 1850 to 1940, I show that accounting for race and measurement error can double estimates of intergenerational persistence. Updated estimates imply that there is greater equality of opportunity today than in the past, mostly because opportunity was never that equal.- Reproduced https://www.aeaweb.org/articles?id=10.1257/aer.20200292
650 _aRelative mobility Intergenerational persistence Equality of opportunity Race Measurement error Census data US history White samples Nonwhite families Mobility estimates
_949736
773 _aThe American Economic Review
906 _aMOBILITY
942 _cAR